Sportifs français par image : L - Statistiques

Statistiques générales
  • Ce quiz a été pris 252 fois
  • Le résultat moyen est 8 sur 16
Statistiques - réponses
Par images Réponse % Correct
Félix Lebrun
98%
Sébastien Loeb
98%
Renaud Lavillenie
87%
Camille Lacourt
79%
Eugénie Le Sommer
77%
Christophe Lemaitre
71%
Suzanne Lenglen
52%
Jeannie Longo
49%
Perrine Laffont
37%
Enzo Lefort
33%
Christophe Laporte
29%
Tess Ledeux
15%
Émilie Le Pennec
11%
Rénelle Lamote
11%
Althéa Laurin
10%
Armel Le Cléac'h
8%
Aucun quiz correspondant
Distribution des résultats
% des personnes avec chaque résultat
Percentile par nombre de réponses
Votre historique - résultats
Vous n’avez pas pris ce quiz